Soarin' Around the World Disney Landmarks and Locations - Statistics

General Stats
  • This quiz has been taken 16 times
  • The average score is 7 of 12
Answer Stats
Country Landmark % Correct
France Eiffel Tower
93%
China Great Wall of China
87%
Egypt Great Pyramids of Giza
80%
Multiple Disney
73%
Australia Sydney Harbor
73%
India Taj Mahal
67%
Brazil Iguazu Falls
47%
Switzerland Matterhorn
47%
Germany Neuschwanstein Castle
47%
United States Monument Valley
40%
Fiji Fiji Islands
27%
Denmark Greenland
20%
No matching quizzes found
Score Distribution
Percent of People with Each Score
Percentile by Number Answered
Your Score History
You have not taken this quiz